| 000 | 00733nam a2200229 i 4500 | ||
|---|---|---|---|
| 001 | 108937 | ||
| 003 | ES-MaACL | ||
| 005 | 20230906184737.0 | ||
| 007 | t| | ||
| 008 | 061121s1962 sp r ||||1| spa d | ||
| 100 | 1 |
_aMoore, Ian. _982815 |
|
| 245 | 1 | 0 |
_aEnsilado y henificación / _cIan Moore ; traducido del inglés por Andrés Marcos Barrado. |
| 260 |
_aZaragoza : _bAcribia, _c1962. |
||
| 300 |
_aVIII, 114 p. lám. 1-15 : _bil ; _c19 cm. |
||
| 490 | 1 | _aManuales técnicos agropecuarios | |
| 650 | 4 |
_aEnsilado. _9168042 |
|
| 650 | 4 |
_aHeno. _9168043 |
|
| 700 | 1 |
_aMarcos Barrado, Andrés. _976522 |
|
| 830 | 0 |
_aManuales técnicos agropecuarios _9232963 |
|
| 852 |
_aES-MaACL _jC-21087 _bR.49690 |
||
| 999 |
_c108937 _d108937 |
||